Desarrollo de competencias científicas en las primeras edades : (Record no. 174829)
[ view plain ]
| 000 -CABECERA | |
|---|---|
| campo de control de longitud fija | 01824nab a2200313 a 4500 |
| 005 - FECHA Y HORA DE LA ÚLTIMA TRANSACCIÓN | |
| campo de control | 20210219162350.0 |
| 008 - ELEMENTOS DE LONGITUD FIJA--INFORMACIÓN GENERAL | |
| campo de control de longitud fija | 991125s1985 mx 000 0 spa u |
| 035 ## - NÚMERO DE CONTROL DEL SISTEMA | |
| Número de control de sistema | UPN01000202728 |
| 049 ## - COLECCIÓN | |
| Colección | ART |
| 100 1# - ASIENTO PRINCIPAL--NOMBRE PERSONAL | |
| Nombre de persona | Quiroga Lobos, Marta Elsa |
| 100 1# - ASIENTO PRINCIPAL--NOMBRE PERSONAL | |
| Filiación | quirogamarta846@gmail.com |
| 100 1# - ASIENTO PRINCIPAL--NOMBRE PERSONAL | |
| Nombre de persona | Arredondo González, Emanuel |
| 100 1# - ASIENTO PRINCIPAL--NOMBRE PERSONAL | |
| Filiación | emanuel.arredondo@ucv.cl |
| 100 1# - ASIENTO PRINCIPAL--NOMBRE PERSONAL | |
| Nombre de persona | Cafena, Daniela |
| 100 1# - ASIENTO PRINCIPAL--NOMBRE PERSONAL | |
| Filiación | danielacafenao@gmail.com |
| 100 1# - ASIENTO PRINCIPAL--NOMBRE PERSONAL | |
| Nombre de persona | Merino Rubilar, Cristian |
| 100 1# - ASIENTO PRINCIPAL--NOMBRE PERSONAL | |
| Filiación | cristian.merino@ucv.cl |
| 222 #0 - TÍTULO CLAVE | |
| Título clave | EDUCACION Y EDUCADORES |
| 245 00 - MENCIÓN DE TÍTULO | |
| Título | Desarrollo de competencias científicas en las primeras edades : |
| Resto del título | el Explora Conicyt de Chile |
| 260 ## - PUBLICACIÓN, DISTRIBUCIÓN, ETC. | |
| Lugar de publicación, distribución, etc. | Chía, Colombia |
| 300 ## - DESCRIPCIÓN FÍSICA | |
| Extensión | 237-253 |
| 362 0# - FECHAS DE PUBLICACIÓN Y/O DESIGNACIÓN SECUENCIAL | |
| Fecha de publicación y/o designación secuencial | 2014 Volumen 17, número 2, mayo-agosto |
| 520 ## - NOTA DE RESUMEN, ETC. | |
| Sumario, etc. | Este trabajo presenta los resultados de la implementación en jardines infantiles de la iniciativa Tus Competencias Científicas en Ciencias (TCC) Explora Conicyt y analiza la influencia de las relaciones colaborativas entre directores, educadoras de párvulos y asistentes de párvulos en el desarrollo de competencias científicas de alumnos entre 4 y 6 años. La metodología fue de carácter mixto. Se realizaron 37 observaciones de aula que se analizaron através del método comparativo constante. Surgieron diez categorias de colaboración, utilizadas en la construcción de un cuestionario para los tres actores educativos. El cuestionario se aplicó en 97 instituciones educativas municipales y particulares de las regiones de Valparaíso, La Araucanía, Los Lagos, Los Ríos y Metropolitana |
| 653 0# - TERMINO DE INDIZACION - NO CONTROLADO | |
| Término no controlado | EDUCACION PREESCOLAR |
| 653 0# - TERMINO DE INDIZACION - NO CONTROLADO | |
| Término no controlado | EDUCACION CIENTIFICA |
| 653 0# - TERMINO DE INDIZACION - NO CONTROLADO | |
| Término no controlado | COMPETENCIAS CIENTIFICAS |
| 856 4# - LOCALIZACIÓN Y ACCESO ELECTRÓNICOS | |
| Identificador Uniforme del Recurso | <a href="http://educacionyeducadores.unisabana.edu.co/index.php/eye/article/view/3535">http://educacionyeducadores.unisabana.edu.co/index.php/eye/article/view/3535</a> |
| 905 ## - TIPO DE MATERIAL | |
| Tipo de material | Articulo |
No items available.
